Theory of elementary atomic and molecular processes in gases / (Record no. 11934)

MARC details
000 -LEADER
fixed length control field 01215nam a2200301 i 4500
003 - CONTROL NUMBER IDENTIFIER
control field EG-ScBUE
005 - DATE AND TIME OF LATEST TRANSACTION
control field 20250525122732.0
008 - FIXED-LENGTH DATA ELEMENTS--GENERAL INFORMATION
fixed length control field 090622s1974 enka f b 001 0 eng d
020 ## - INTERNATIONAL STANDARD BOOK NUMBER
International Standard Book Number 0198519281
040 ## - CATALOGING SOURCE
Original cataloging agency EG-ScBUE
Language of cataloging eng
Description conventions rda
Transcribing agency EG-ScBUE
Modifying agency EG-ScBUE
041 1# - LANGUAGE CODE
Language code of text/sound track or separate title eng
Language code of original and/or intermediate translations of text rus
082 04 - DEWEY DECIMAL CLASSIFICATION NUMBER
Edition number 22
Classification number 533.2
Item number NIK
100 1# - MAIN ENTRY--PERSONAL NAME
Personal name Nikitin, E. E.
Fuller form of name Evgeniĭ Evgenʹevich),
Dates associated with a name 1933-
Relator term author.
240 10 - UNIFORM TITLE
Uniform title <a href="Teorii︠a︡ ėlementarnykh atomno-molekuli︠a︡rnykh prot︠s︡essov v gazakh.">Teorii︠a︡ ėlementarnykh atomno-molekuli︠a︡rnykh prot︠s︡essov v gazakh.</a>
Language of a work English
245 10 - TITLE STATEMENT
Title Theory of elementary atomic and molecular processes in gases /
Statement of responsibility, etc by E. E. Nikitin ; translated by M. J. Kearsley.
264 #1 - PUBLICATION, DISTRIBUTION, ETC. (IMPRINT)
Place of publication, distribution, etc Oxford :
Name of publisher, distributor, etc Oxford University Press,
Date of publication, distribution, etc 1974.
300 ## - PHYSICAL DESCRIPTION
Extent xiii, 472 pages :
Other physical details illustrations ;
Dimensions 23 cm
336 ## - CONTENT TYPE
Source rdacontent
Content type term text
Content type code txt
337 ## - MEDIA TYPE
Media type term unmediated
Source rdamedia
Media type code n
338 ## - CARRIER TYPE
Carrier type term volume
Carrier type code nc
Source rdacarrier
504 ## - BIBLIOGRAPHY, ETC. NOTE
Bibliography, etc Includes bibliographical references and index.<br/>
546 ## - LANGUAGE NOTE
Language note Text in English ; translated from the original Russian language.<br/>
650 7# - SUBJECT ADDED ENTRY--TOPICAL TERM
9 (RLIN) 6197
Topical term or geographic name as entry element Kinetic theory of gases.
Source of heading or term BUEsh
650 #7 - SUBJECT ADDED ENTRY--TOPICAL TERM
9 (RLIN) 6586
Topical term or geographic name as entry element Molecular theory.
Source of heading or term BUEsh
650 #7 - SUBJECT ADDED ENTRY--TOPICAL TERM
9 (RLIN) 6587
Topical term or geographic name as entry element Chemical reaction, Conditions and laws of.
Source of heading or term BUEsh
655 ## - INDEX TERM--GENRE/FORM
Form subdivision Reading book
942 ## - ADDED ENTRY ELEMENTS (KOHA)
Source of classification or shelving scheme Dewey Decimal Classification
Koha item type Book - Borrowing
Holdings
Withdrawn status Lost status Source of classification or shelving scheme Damaged status Not for loan Collection code Home library Current library Shelving location Date acquired Source of acquisition Cost, normal purchase price Total Checkouts Full call number Barcode Date last seen Price effective from Koha item type
    Dewey Decimal Classification     Alef-Baa Central Library Central Library First floor 22/06/2009   150.00   533.2 NIK 000017018 15/07/2025 22/06/2009 Book - Borrowing